Statistiques concernant Traductions de Louis

Cliquez ici pour prendre le quiz!

Statistiques générales

  • Ce quiz a été pris 127 fois
  • Le résultat moyen est 5 sur 14

Statistiques - réponses

LanguePrénom% Correct
FrançaisLouis
93%
EspagnolLuis
89%
PortugaisLuís
89%
AnglaisLewis
60%
ItalienLuigi
46%
AllemandLudwig
42%
NorvégienLudvig
8%
NéerlandaisLodewijk
7%
BretonLoeiz
6%
GrecLoudovikos
6%
LatinLudovicus
6%
IrlandaisAlaois
5%
RusseLioudovik
5%
GalloisLlewelyn
4%

Distribution des résultats

Percentile par nombre de réponses

% des personnes avec chaque résultat

Votre développement - résultats

Vous n’avez pas pris ce quiz